| Tag |
First Indicator |
Second Indicator |
Subfields |
| LEADER |
00000cam a2200000Ia 4500 |
| 001 |
in00002783627 |
| 005 |
20151202171831.0 |
| 008 |
870225s1963 dcuab b f000 0 eng d |
| 035 |
|
|
|a (OCoLC)ocm15238646
|
| 035 |
|
|
|a (OCoLC)15238646
|
| 040 |
|
|
|a SAB
|c SAB
|d NMT
|d UZ0
|d OCLCG
|d OCLCQ
|d UtOrBLW
|
| 049 |
|
|
|a TXAM
|
| 050 |
|
4 |
|a QE75
|b .P9 no., 475A-D
|
| 082 |
0 |
4 |
|a 550
|b U58, PP 475
|
| 086 |
0 |
|
|a I 19.16:475 A-D
|
| 100 |
1 |
|
|a Nolan, Thomas B.
|q (Thomas Brennan),
|d 1901-
|
| 245 |
1 |
0 |
|a Geological Survey research 1963 /
|c Thomas B. Nolan, director.
|
| 264 |
|
1 |
|a Washington :
|b U.S. G.P.O.,
|c 1963.
|
| 300 |
|
|
|a 4 volumes in 1 :
|b illustrations, maps ;
|c 29 cm.
|
| 336 |
|
|
|a text
|b txt
|2 rdacontent
|
| 337 |
|
|
|a unmediated
|b n
|2 rdamedia
|
| 338 |
|
|
|a volume
|b nc
|2 rdacarrier
|
| 490 |
1 |
|
|a Geological Survey professional paper ;
|v 475
|
| 505 |
0 |
|
|a pt. A. Summary of investigations.--Pt. B. Short papers in geology and hydrology, articles 1-59.--Pt. C. Short papers in geology and hydrology, articles 60-121.--Pt. D. Short papers in geology and hydrology, articles 122-172.
|
| 504 |
|
|
|a Includes bibliographical references.
|
| 650 |
|
0 |
|a Geology
|x Research.
|
| 830 |
|
0 |
|a Geological Survey professional paper ;
|v 475.
|
| 948 |
|
|
|a cataloged
|b h
|c 2012/12/13
|d c
|e mvaldespin
|f 10:07:51 am
|
| 994 |
|
|
|a C0
|b TXA
|
| 999 |
|
|
|a MARS
|
| 999 |
f |
f |
|s 012a6336-14f0-36ba-9218-c3d8493d64b1
|i 907bc6b6-8366-3ec1-abed-9a3d23dbc815
|t 0
|
| 952 |
f |
f |
|p normal
|a Texas A&M University
|b College Station
|c Sterling C. Evans Library
|d Evans: US Documents (Annex 5th floor)
|t 0
|e I 19.16:475 A-D
|h Superintendent of Documents classification
|i unmediated -- volume
|m A14839363335
|
| 998 |
f |
f |
|a I 19.16:475 A-D
|t 0
|l Evans: US Documents (Annex 5th floor)
|